100 Biggest Cities in Europe in 1800 with a Map - Statistics

General Stats
  • This quiz has been taken 3,049 times
  • The average score is 72 of 100
Answers on the Map
Answers color-coded by a green-red scale on the quiz's map according to % correct below.
 
Answer Stats
Population Cities % Correct
948k London
98%
550k Paris
98%
200k Dublin
97%
300k Moscow
97%
153k Rome
97%
172k Berlin
96%
570k Constantinople
96%
204k Lisbon
96%
168k Madrid
96%
220k Saint Petersburg
96%
217k Amsterdam
95%
100k Barcelona
95%
430k Naples
95%
76k Stockholm
95%
247k Vienna
95%
101k Copenhagen
94%
130k Hamburg
94%
135k Milan
94%
138k Venice
94%
84k Manchester
92%
101k Marseille
92%
76k Prague
92%
63k Warsaw
92%
67k Edinburgh
91%
70k Glasgow
91%
109k Lyon
91%
83k Liverpool
90%
40k Munich
90%
43k Porto
90%
46k Sofia
89%
66k Brussels
88%
81k Florence
88%
80k Valencia
88%
96k Bordeaux
87%
50k Bucharest
87%
90k Genoa
87%
139k Palermo
87%
96k Seville
87%
71k Birmingham
86%
82k Turin
86%
53k Rotterdam
85%
75k Cork
84%
37k Danzig
84%
40k Sarajevo
83%
48k Frankfurt am Main
81%
70k Salonica
81%
62k Antwerp
80%
53k Leeds
80%
41k Cologne
78%
50k Toulouse
78%
64k Bristol
77%
60k Dresden
77%
56k Lille
77%
33k Newcastle upon Tyne
77%
49k Strasbourg
77%
39k The Hague
76%
60k Königsberg
75%
68k Bologna
73%
77k Nantes
73%
36k Bremen
72%
43k Zaragoza
71%
49k Málaga
70%
46k Sheffield
66%
40k Córdoba
64%
55k Ghent
64%
60k Breslau
63%
42k Lviv
63%
33k Utrecht
63%
51k Verona
63%
45k Catania
61%
35k Messina
59%
55k Liège
58%
37k Norwich
58%
70k Cádiz
57%
33k Montpellier
57%
40k Murcia
57%
80k Rouen
57%
100k Adrianople
56%
33k Portsmouth
54%
50k Kazan
53%
39k Limerick
53%
34k Parma
52%
48k Orléans
50%
46k Metz
48%
35k Caen
47%
33k Padua
46%
36k Magdeburg
42%
35k Astrakhan
40%
33k Bath
40%
40k Amiens
36%
46k Coimbra
36%
53k Livorno
35%
41k Nîmes
33%
35k Debrecen
29%
35k Jerez de la Frontera
27%
52k Tula
24%
40k Shkodër
20%
47k Guimarães
12%
37k Santarém
11%
36k Vila Real
10%
No matching quizzes found
Score Distribution
Percent of People with Each Score
Percentile by Number Answered
Your Score History
You have not taken this quiz